Kaikki entiset maailman liput - Statistics

Yleistilastot
  • Tätä visaa on pelattu 48 kertaa
  • Keskiarvotulos 48 / 196
Vastaustilastot
Kuvavisa Vastaus % Oikein
Australia
100%
Yhdysvallat
100%
Yhdistynyt kuningaskunta
98%
Italia
83%
Etelä-Korea
80%
Ranska
80%
Venäjä
80%
Uusi-Seelanti
78%
Bulgaria
75%
Norja
75%
Suomi
73%
Unkari
73%
Alankomaat
70%
Bangladesh
70%
Norsunluurannikko
68%
Ruotsi
68%
Albania
63%
Israel
63%
Kypros
63%
Nepal
63%
Sveitsi
63%
Turkki
63%
Vatikaanivaltio
60%
Japani
58%
Libanon
58%
Meksiko
58%
Espanja
55%
Intia
55%
Bhutan
53%
Kosovo
53%
Puola
53%
Saudi-Arabia
53%
Belgia
50%
Itävalta
50%
Tunisia
50%
Panama
48%
Islanti
45%
Uruguay
45%
Niger
43%
Venezuela
43%
Kuuba
40%
Liechtenstein
40%
Monaco
40%
Peru
40%
Serbia
40%
Taiwan
40%
Tanska
40%
Dominikaaninen tasavalta
38%
Filippiinit
38%
Kroatia
38%
Oman
38%
Turkmenistan
38%
Bahrain
35%
Paraguay
35%
Angola
33%
Honduras
33%
Jordania
33%
Kanada
33%
Mauritania
33%
Mosambik
33%
Somalia
33%
Andorra
30%
Chile
30%
Costa Rica
30%
Irlanti
30%
Papua-Uusi-Guinea
30%
Qatar
30%
Afganistan
28%
Etelä-Sudan
28%
Irak
28%
Libya
28%
Pohjois-Korea
28%
Romania
28%
Sri Lanka
28%
Vietnam
28%
El Salvador
25%
Eritrea
25%
Iran
25%
Kamerun
25%
Liberia
25%
Namibia
25%
São Tomé ja Príncipe
25%
Swazimaa
25%
Brunei
23%
Djibouti
23%
Malawi
23%
Malediivit
23%
Mikronesia
23%
Mongolia
23%
Saksa
23%
Sambia
23%
Belize
20%
Kreikka
20%
Nicaragua
20%
Päiväntasaajan Guinea
20%
Ruanda
20%
Syyria
20%
Tšad
20%
Burundi
18%
Gabon
18%
Haiti
18%
Kazakstan
18%
Keski-Afrikan tasavalta
18%
Saint Lucia
18%
Thaimaa
18%
Uzbekistan
18%
Azerbaidžan
15%
Etelä-Afrikka
15%
Guatemala
15%
Mali
15%
Pohjois-Makedonia
15%
Argentiina
13%
Barbados
13%
Etiopia
13%
Guinea
13%
Kiina
13%
Kiribati
13%
Laos
13%
Tadžikistan
13%
Georgia
10%
Guinea-Bissau
10%
Komorit
10%
Viro
10%
Armenia
8%
Brasilia
8%
Ecuador
8%
Jemen
8%
Kambodža
8%
Liettua
8%
Malta
8%
Portugali
8%
Slovenia
8%
Uganda
8%
Ukraina
8%
Bahama
5%
Kolumbia
5%
Kongon demokraattinen tasavalta
5%
Latvia
5%
Luxemburg
5%
Malesia
5%
Marshallinsaaret
5%
Montenegro
5%
San Marino
5%
Senegal
5%
Slovakia
5%
Tansania
5%
Valko-Venäjä
5%
Algeria
3%
Bolivia
3%
Bosnia ja Hertsegovina
3%
Botswana
3%
Dominica
3%
Egypti
3%
Ghana
3%
Itä-Timor
3%
Lesotho
3%
Moldova
3%
Myanmar
3%
Nigeria
3%
Palau
3%
Saint Vincent ja Grenadiinit
3%
Seychellit
3%
Suriname
3%
Tuvalu
3%
Zimbabwe
3%
Antigua ja Barbuda
0%
Benin
0%
Burkina Faso
0%
Fidži
0%
Gambia
0%
Grenada
0%
Guyana
0%
Indonesia
0%
Jamaika
0%
Kap Verde
0%
Kenia
0%
Kirgisia
0%
Kongon tasavalta
0%
Kuwait
0%
Madagaskar
0%
Marokko
0%
Mauritius
0%
Nauru
0%
Pakistan
0%
Saint Kitts ja Nevis
0%
Salomonsaaret
0%
Samoa
0%
Sierra Leone
0%
Singapore
0%
Sudan
0%
Togo
0%
Tonga
0%
Trinidad ja Tobago
0%
Tšekki
0%
Vanuatu
0%
Yhdistyneet arabiemiirikunnat
0%
Ehtoja vastaavia visoja ei löytynyt
Tulosjakauma
Jokaisen tuloksen saaneiden osuus
Persentiili vastausten määrän mukaan
Tuloshistoriasi
Et ole pelannut tätä visaa